Si oyerais su voz...: exploración cristiana del misterio de Dios
Spremljeno u:
| Glavni autor: | |
|---|---|
| Format: | Knjiga |
| Jezik: | španjolski |
| Izdano: |
Santander
Sal Terrae
1988
|
| Serija: | Presencia Teológica, 48
|
| Teme: | |
| Oznake: |
Dodaj oznaku
Bez oznaka, Budi prvi tko označuje ovaj zapis!
|
MARC
| LEADER | 00000cam a2200000 a 4500 | ||
|---|---|---|---|
| 001 | UCE7008 | ||
| 003 | CL-VaPUC | ||
| 008 | 150520e19880000sp |||||||||||||||||spa|d | ||
| 020 | |a 8429308148 | ||
| 082 | 0 | 4 | |a 231 |b VIV |2 21 |
| 100 | 0 | |a Vives, Josep |e author |9 579726 | |
| 245 | 1 | 0 | |a Si oyerais su voz...: exploración cristiana del misterio de Dios |
| 300 | |a 366 p | ||
| 942 | |c BK | ||
| 945 | |d 20150520 16:51:00 |a cmena | ||
| 260 | |a Santander |b Sal Terrae |c 1988 | ||
| 650 | 0 | |a Teología cristiana |9 308336 | |
| 650 | 0 | |a Filosofía cristiana |9 265980 | |
| 583 | |a last modification |c 20150520 16:51:00 |k Rodrigo Vera | ||
| 490 | 0 | |a Presencia Teológica, 48 | |
| 999 | |c 359154 |d 359152 | ||
| 952 | |0 0 |1 0 |3 erb |4 0 |6 231_000000000000000_VIV_1988 |7 0 |8 A |9 468222 |a BIBTEO |b BIBTEO |e Casale Rolle, Carlos Ignacio, -2014 |i 5182085 |o 231 VIV 1988 |p 5182085 |r 2025-01-17 |w 2019-11-23 |y BK |z Catalogado en:20150520 |k ICR | ||